banner-ar

PEINTURES A FRESQUES ET SCENES PEINTES A HERMOUPOLIS- OUEST(TOUNA EL GEBEL) / (Record no. 16925)

MARC details
000 -الفاتح
حقل البيانات ثابتة الطول 00556nam a2200193Ia 4500
008 - عناصر البيانات ثابتة الطول - معلومات عامة
حقل البيانات ثابتة الطول 140319s9999 xx 000 0 eng d
040 ## - مصدر الفهرسة
وكالة الفهرسة الأصلية GCL /
وكالة النسخ GCL
082 04 - رقم تصنيف ديوى العشرى
رقم التصنيف CC
رقم المادة 932
-- G P
100 1# - المدخل الرئيسى - إسم شخصى
الإسم الشخصى GABRA, SAMI
245 10 - بيان العنوان
العنوان PEINTURES A FRESQUES ET SCENES PEINTES A HERMOUPOLIS- OUEST(TOUNA EL GEBEL) /
بيان المسئوليه,etc GABRA, SAMI
700 1# - المدخل الاضافى - اسم شخصى
الإسم الشخصى DRIOTON,ETIENNE
260 ## - PUBLICATION, DISTRIBUTION, ETC. (IMPRINT)
تاريخ النشر أو التوزيع 1954
300 ## - الوصف المادى
التعداد 15+29 PL
650 04 - المدخل الاضافى بالموضوع-مصطلح موضوعى
مصطلح موضوعي ANCIENT EGYPT
650 04 - المدخل الاضافى بالموضوع-مصطلح موضوعى
مصطلح موضوعي ART- EGYPT
650 04 - المدخل الاضافى بالموضوع-مصطلح موضوعى
مصطلح موضوعي ARCHITECTURE
942 ## - عناصر المدخل الإضافي( كوها)
مصدر التصنيف او مخطط الترفيف Dewey Decimal Classification
Koha [default] item type كتاب
260 ## - PUBLICATION, DISTRIBUTION, ETC. (IMPRINT)
-- [S.N] :
-- SERVICE DES ANTIQUITES DE L'EGYPTE ،
Holdings
حالة التراجع حالة الفقد حالة تلف ليس للاعارة المكان المؤقت الموقع الحالى تاريخ الاكتساب اجمالي اﻻعارات رقم الطلب الباركود تاريخ اخر مشاهدة تاريخ تفعيل السعر نوع وعاء كوها
        مكتبة القاهرة الكبرى مكتبة القاهرة الكبرى 03/26/2014   CC\932\G P 30566 03/26/2014 03/26/2014 كتاب

Powered By

EGPV